Trocha nacional ciudadana / (Registro nro. 5166)

Detalles MARC
000 -LEADER
fixed length control field 00899nam a2200241Ia 4500
003 - CONTROL NUMBER IDENTIFIER
control field OSt
005 - DATE AND TIME OF LATEST TRANSACTION
control field 20200407232507.0
008 - FIXED-LENGTH DATA ELEMENTS--GENERAL INFORMATION
fixed length control field 191128s1998 ck gr 000 0 spa d
020 ## - INTERNATIONAL STANDARD BOOK NUMBER
International Standard Book Number 9589636438
040 ## - CATALOGING SOURCE
Original cataloging agency CO-JMCR
Transcribing agency CO-JMCR
041 0# - LANGUAGE CODE
Language code of text/sound track or separate title spa
082 04 - DEWEY DECIMAL CLASSIFICATION NUMBER
Classification number 323.042 /
Item number C656t
Edition number 21
110 1# - MAIN ENTRY--CORPORATE NAME
Corporate name or jurisdiction name as entry element Colombia.
Subordinate unit Consejo Nacional de Planeación
9 (RLIN) 2748
245 10 - TITLE STATEMENT
Title Trocha nacional ciudadana /
Statement of responsibility, etc. Consejo Nacional de Planeación
250 ## - EDITION STATEMENT
Edition statement Primera edición
260 ## - PUBLICATION, DISTRIBUTION, ETC.
Place of publication, distribution, etc. Bogotá :
Name of publisher, distributor, etc. Consejo Nacional de Planeación,
Date of publication, distribution, etc. 1998
300 ## - PHYSICAL DESCRIPTION
Extent 439 páginas ;
Dimensions 21 cm.
490 0# - SERIES STATEMENT
Series statement Planea Nación
505 0# - FORMATTED CONTENTS NOTE
Formatted contents note Trocha Nacional ciudadana -- Discusión de la trocha nacional ciudadana -- Aportes a la trocha nacional ciudadana -- Las trochas regionales
650 14 - SUBJECT ADDED ENTRY--TOPICAL TERM
Topical term or geographic name entry element Planes de desarrollo
General subdivision metodología
Geographic subdivision Colombia
9 (RLIN) 2749
650 14 - SUBJECT ADDED ENTRY--TOPICAL TERM
Topical term or geographic name entry element Participación social
General subdivision democracia
Geographic subdivision Colombia
9 (RLIN) 2750
942 ## - ADDED ENTRY ELEMENTS (KOHA)
Source of classification or shelving scheme Dewey Decimal Classification
Koha item type Books
Existencias
Withdrawn status Lost status Source of classification or shelving scheme Damaged status Not for loan Collection code Home library Current library Date acquired Source of acquisition Cost, normal purchase price Total Checkouts Full call number Barcode Date last seen Copy number Koha item type
    Dewey Decimal Classification     Non-fiction Biblioteca Pública José María del Castillo y Rada Biblioteca Pública José María del Castillo y Rada 04/15/2018 Donación 0.00   323.042 / C656t 430001391 05/16/2024 Ej.1 Books